| 000 | 00554nam a2200169 a 4500 | ||
|---|---|---|---|
| 001 | 000039006 | ||
| 005 | 20201002031445.0 | ||
| 008 | 130513s2003 dr a 000 0 spa d | ||
| 020 | _a0967400619 | ||
| 040 |
_aDO-SdBNP _bspa _cBNPHU |
||
| 100 | 1 |
_aMcMurtry, Grady S. _965256 |
|
| 245 | 1 | 3 |
_aLa creación : _bnuestra visión global / _cGladys S. Mcmurtry. |
| 260 |
_aSanto Domingo : _bLa Unión, _c2003. |
||
| 300 |
_a131 p. : _bils. ; _c23 cm. |
||
| 500 | _aIncluye datos biográficos del autor en la contracubierta | ||
| 500 | _aTraducida del idioma inglés | ||
| 999 |
_c38496 _d38496 |
||